000 00468nam a22001937a 4500
003 MPLRDC
005 20220104143834.0
008 210129b ||||| |||| 00| 0 eng d
020 _a7-5059-0002-1
082 _a859.4 CSSJ v.43
100 _a纪成 改写
245 _a变成鹳的国王
_c
250 _a一版一刷
260 _a
_b中国文联
_c1987
300 _b
490 _a彩色世界童话全集;43
650 _a
942 _cBK
_o859.4 CSSJ v.43
999 _c43851
_d43841